000 00647nam a22002177a 4500
999 _c12587
_d12587
003 AR-CdUCM
008 190409b ||||| |||| 00| 0 spa d
020 _a978-84-8016-746-8
040 _aMUNICIPALIDAD PROVINCIAL DEL CUSCO
_cBIBLIOTECA MUNICIPAL DEL CUSCO
082 _aES / 808.06 /
_bT98
100 _aTyldesley, Joyce
_930488
245 _aEgipto /
260 _aChina :
_bLarousse editorial, S.L.,
_c2007.
300 _a61 páginas
_c27 cm.
505 _aContenido :Egipto.
650 _aHistoria universal
_91423
650 _aEgipto
_9804
700 _aPena Miralles, Anna
_930489
942 _2ddc
_cLIBROS
945 _arum
_d2019-04-09